|
|
|
|
| LEADER |
00000cam a2200000 7i4500 |
| 001 |
0000012332 |
| 005 |
20071212.0 |
| 008 |
071212 |
| 020 |
|
|
|a 9831926854
|
| 090 |
0 |
0 |
|a 297.211
|b RAM
|
| 100 |
0 |
|
|a Ramli Awang
|
| 245 |
1 |
0 |
|a Sejarah tuhan
|c Ramli Awang
|
| 260 |
|
|
|a Pahang :
|b PTS Publication & Distributors ,
|c 2004
|
| 440 |
|
|
|a Siri pembangunan spirituil
|
| 650 |
|
0 |
|a God (Islam)
|x History of doctrines
|
| 650 |
|
0 |
|a Islam and doctrines
|
| 710 |
0 |
|
|a Title
|
| 999 |
|
|
|a 0000890827
|b Book
|c Adult Collection
|e Cawangan Mersing
|
| 999 |
|
|
|a 0000890829
|b Book
|c Adult Collection
|e Cawangan Mersing
|
| 999 |
|
|
|a 0000890834
|b Book
|c Adult Collection
|e Cawangan Mersing
|
| 999 |
|
|
|a 0000892291
|b Book
|c Adult Collection
|e Cawangan Muar
|
| 999 |
|
|
|a 0000909759
|b Book
|c Adult Collection
|e Cawangan Bandar Tenggara
|
| 999 |
|
|
|a 0000924175
|b Book
|c Adult Collection
|e Cawangan Bukit Gambir
|
| 999 |
|
|
|a 0000924176
|b Book
|c Adult Collection
|e Cawangan Bukit Gambir
|
| 999 |
|
|
|a 0001008039
|b Book
|c Adult Collection
|e Cawangan Muar
|
| 999 |
|
|
|a 0001008041
|b Book
|c Adult Collection
|e Cawangan Batu Pahat
|
| 999 |
|
|
|a 0001008520
|b Book
|c Adult Collection
|e Perbadanan Perpustakaan Awam Johor
|
| 999 |
|
|
|a 0001008521
|b Book
|c Adult Collection
|e Perbadanan Perpustakaan Awam Johor
|
| 999 |
|
|
|a 0001008522
|b Book
|c Adult Collection
|e Cawangan Batu Pahat
|
| 999 |
|
|
|a 0001008523
|b Book
|c Adult Collection
|e Perbadanan Perpustakaan Awam Johor
|
| 999 |
|
|
|a 0001008524
|b Book
|c Adult Collection
|e Cawangan Bukit Gambir
|
| 999 |
|
|
|a 0001262745
|b Book
|c Adult Collection
|e Cawangan Batu Pahat
|
| 999 |
|
|
|a 0001519808
|b Book
|c Adult Collection
|e Cawangan Bandar Tenggara
|